Letter Pyramid - European Capitals Quiz Stats

 Plays Quiz Updated Sep 1, 2019

Score 0/225 Timer 01:30
4 Plays Today
% Correct
XXXXXXXXXXXX
100%
XXXXXXXXXXXX
99.8%
XXXXXXXXXXXX
99.8%
XXXXXXXXXXXX
99.8%
XXXXXXXXXXXX
99.8%
XXXXXXXXXXXX
99.8%
XXXXXXXXXXXX
99.8%
XXXXXXXXXXXX
99.8%
XXXXXXXXXXXX
99.8%
London
84.3%
London
84.3%
London
84.3%
London
84.3%
London
84.3%
London
84.3%
London
84.3%
London
84.3%
London
84.3%
London
84.3%
London
84.3%
London
84.3%
London
84.3%
London
84.3%
London
84.3%
London
84.3%
London
84.3%
London
84.3%
Rome
83.5%
Rome
83.5%
Rome
83.5%
Rome
83.5%
Rome
83.5%
Rome
83.5%
Rome
83.5%
Rome
83.5%
Rome
83.5%
Rome
83.5%
Rome
83.5%
Rome
83.5%
Paris
80.1%
Paris
80.1%
Paris
80.1%
Paris
80.1%
Paris
80.1%
Paris
80.1%
Paris
80.1%
Paris
80.1%
Paris
80.1%
Paris
80.1%
Paris
80.1%
Paris
80.1%
Paris
80.1%
Paris
80.1%
Paris
80.1%
Amsterdam
74.8%
Amsterdam
74.8%
Amsterdam
74.8%
Amsterdam
74.8%
Amsterdam
74.8%
Amsterdam
74.8%
Amsterdam
74.8%
Amsterdam
74.8%
Amsterdam
74.8%
Amsterdam
74.8%
Amsterdam
74.8%
Amsterdam
74.8%
Amsterdam
74.8%
Amsterdam
74.8%
Amsterdam
74.8%
Amsterdam
74.8%
Amsterdam
74.8%
Amsterdam
74.8%
Amsterdam
74.8%
Amsterdam
74.8%
Amsterdam
74.8%
% Correct
Amsterdam
74.8%
Amsterdam
74.8%
Amsterdam
74.8%
Amsterdam
74.8%
Amsterdam
74.8%
Amsterdam
74.8%
Brussels
73.1%
Brussels
73.1%
Brussels
73.1%
Brussels
73.1%
Brussels
73.1%
Brussels
73.1%
Brussels
73.1%
Brussels
73.1%
Brussels
73.1%
Brussels
73.1%
Brussels
73.1%
Brussels
73.1%
Brussels
73.1%
Brussels
73.1%
Brussels
73.1%
Brussels
73.1%
Brussels
73.1%
Brussels
73.1%
Brussels
73.1%
Brussels
73.1%
Brussels
73.1%
Brussels
73.1%
Brussels
73.1%
Brussels
73.1%
Copenhagen
61.4%
Copenhagen
61.4%
Copenhagen
61.4%
Copenhagen
61.4%
Copenhagen
61.4%
Copenhagen
61.4%
Copenhagen
61.4%
Copenhagen
61.4%
Copenhagen
61.4%
Copenhagen
61.4%
Copenhagen
61.4%
Copenhagen
61.4%
Copenhagen
61.4%
Copenhagen
61.4%
Copenhagen
61.4%
Copenhagen
61.4%
Copenhagen
61.4%
Copenhagen
61.4%
Copenhagen
61.4%
Copenhagen
61.4%
Copenhagen
61.4%
Copenhagen
61.4%
Copenhagen
61.4%
Copenhagen
61.4%
Copenhagen
61.4%
Copenhagen
61.4%
Copenhagen
61.4%
Copenhagen
61.4%
Copenhagen
61.4%
Copenhagen
61.4%
Tallinn
41.8%
Tallinn
41.8%
Tallinn
41.8%
Tallinn
41.8%
Tallinn
41.8%
Tallinn
41.8%
Tallinn
41.8%
Tallinn
41.8%
Tallinn
41.8%
Tallinn
41.8%
Tallinn
41.8%
Tallinn
41.8%
Tallinn
41.8%
Tallinn
41.8%
Tallinn
41.8%
% Correct
Tallinn
41.8%
Tallinn
41.8%
Tallinn
41.8%
Tallinn
41.8%
Tallinn
41.8%
Tallinn
41.8%
VaticanCity
37.5%
VaticanCity
37.5%
VaticanCity
37.5%
VaticanCity
37.5%
VaticanCity
37.5%
VaticanCity
37.5%
VaticanCity
37.5%
VaticanCity
37.5%
VaticanCity
37.5%
VaticanCity
37.5%
VaticanCity
37.5%
VaticanCity
37.5%
VaticanCity
37.5%
VaticanCity
37.5%
VaticanCity
37.5%
VaticanCity
37.5%
VaticanCity
37.5%
VaticanCity
37.5%
VaticanCity
37.5%
VaticanCity
37.5%
VaticanCity
37.5%
VaticanCity
37.5%
VaticanCity
37.5%
VaticanCity
37.5%
VaticanCity
37.5%
VaticanCity
37.5%
VaticanCity
37.5%
VaticanCity
37.5%
VaticanCity
37.5%
VaticanCity
37.5%
VaticanCity
37.5%
VaticanCity
37.5%
VaticanCity
37.5%
Andorra la Vella
36%
Andorra la Vella
36%
Andorra la Vella
36%
Andorra la Vella
36%
Andorra la Vella
36%
Andorra la Vella
36%
Andorra la Vella
36%
Andorra la Vella
36%
Andorra la Vella
36%
Andorra la Vella
36%
Andorra la Vella
36%
Andorra la Vella
36%
Andorra la Vella
36%
Andorra la Vella
36%
Andorra la Vella
36%
Andorra la Vella
36%
Andorra la Vella
36%
Andorra la Vella
36%
Andorra la Vella
36%
Andorra la Vella
36%
Andorra la Vella
36%
Andorra la Vella
36%
Andorra la Vella
36%
Andorra la Vella
36%
Andorra la Vella
36%
Andorra la Vella
36%
Andorra la Vella
36%
Andorra la Vella
36%
Andorra la Vella
36%
Andorra la Vella
36%
Andorra la Vella
36%
Andorra la Vella
36%
Andorra la Vella
36%
Andorra la Vella
36%
Andorra la Vella
36%
Andorra la Vella
36%

You're not logged in!

Compare scores with friends on all Sporcle quizzes.
OR
Log In

Sporcle TV

Today on Sporcle TV


Watch our educational content, quiz creation guides, and fun videos on Sporcle TV.

Show Comments

Extras

Top Quizzes Today


Score Distribution

Your Account Isn't Verified!

In order to create a playlist on Sporcle, you need to verify the email address you used during registration. Go to your Sporcle Settings to finish the process.

Report this User

Report this user for behavior that violates our Community Guidelines.

Details: